| 000 | 01401nmc a2200457 a 4500 | ||
|---|---|---|---|
| 003 | AR-BaBNM | ||
| 005 | 20251128210202.0 | ||
| 008 | 059019s1997 ||||||||||||||000 | spa|| | ||
| 020 | _a84-331-0764-x | ||
| 040 | _cAR-BaBNM | ||
| 100 | 1 | _aCalvo Rodríguez, Angel R. | |
| 245 | 1 | 0 | _aTécnicas, procedimientos e instrumentos para realizar las adaptaciones curriculares |
| 260 |
_aMadrid _bEscuela Española _c1997 |
||
| 300 | 0 |
_a295 p. _btablas _edisquete |
|
| 490 | 0 | _aEducacion al día | |
| 500 | 0 | _aContiene anexos p. 237-290 | |
| 500 | 1 | _aContiene un disquete con archivos sobre adaptaciones curriculares, solicitar en MEDIATECA no.: 785.182, 785.183 y 785.184 | |
| 504 | _aContiene bibliografía p. 291-292 | ||
| 650 | 4 | _aCURRICULO | |
| 650 | 4 | _aPLAN DE ESTUDIOS | |
| 650 | 4 | _aENSENANZA INDIVIDUALIZADA | |
| 650 | 4 | _aDIFERENCIAS INDIVIDUALES | |
| 650 | 4 | _aPLANIFICACION | |
| 650 | 4 | _aCARACTERISTICAS DEL ALUMNO | |
| 650 | 4 | _aNECESIDADES DEL ALUMNO | |
| 650 | 4 | _aEVALUACION | |
| 650 | 4 | _aPROCESO DE APRENDIZAJE | |
| 650 | 4 | _aCOMPETENCIAS | |
| 650 | 4 | _aMEDIO FAMILIAR | |
| 650 | 4 | _aSOCIEDAD | |
| 650 | 4 | _aIDENTIDAD | |
| 650 | 4 | _aCOMUNICACION | |
| 650 | 4 | _aLENGUA | |
| 650 | 4 | _aMATEMATICA | |
| 653 | 0 | _aEDUCACION INICIAL | |
| 653 | 0 | _aEDUCACION PRIMARIA | |
| 653 | 0 | _aAUTONOMIA | |
| 700 | 1 | _aMartínez Alcolea, Antonio | |
| 942 | _cBK | ||
| 998 | _cRaquel | ||
| 999 |
_c14425 _d14425 |
||